[Event "Mallorca-chT Primera"]
[Site "Palma de Mallorca"]
[Date "2012.03.17"]
[Round "7.2"]
[White "Driessen Llado, Pedro"]
[Black "Castro Lappi, Nicolas"]
[Result "0-1"]
[WhiteElo "1582"]
[BlackElo "1900"]
[PlyCount "88"]
[EventDate "2012.01.28"]
[EventType "team"]
[EventRounds "9"]
[EventCountry "ESP"]
[SourceTitle "EXT 2014"]
[Source "ChessBase"]
[SourceDate "2013.11.20"]
[SourceVersion "1"]
[SourceVersionDate "2013.11.20"]
[SourceQuality "1"]

1. d4 Nf6 2. c4 g6 3. Nc3 Bg7 4. e4 d6 5. f3 0-0 6. Be3 Nbd7 7. Qd2 e5 8. d5 a5 9. 0-0-0 b6 10. g4 Nc5 11. h4 h5 12. Bg5 Qd7 13. Bh3 hxg4 14. Bxf6 gxh3 15. Bxg7 Kxg7 16. Nxh3 Rh8 17. Nf2 Rh5 18. Rdg1 Ba6 19. b3 Rah8 20. Rg4 Qe7 21. Rhg1 Rxh4 22. R1g2 Bc8 23. R4g3 Rh2 24. Nb5 Na6 25. Qg5 Qxg5+ 26. Rxg5 Bd7 27. a3 Rxg2 28. Rxg2 Rh4 29. Kd2 Bxb5 30. cxb5 Nc5 31. b4 axb4 32. axb4 Nb3+ 33. Ke3 Nd4 34. Rg1 Rf4 35. Rg3 Nxb5 36. Nd3 Rh4 37. Rg1 f6 38. Rc1 f5 39. Rg1 f4+ 40. Kf2 Rh2+ 41. Rg2 Rh8 42. Rg1 Ra8 43. Rd1 Ra2+ 44. Ke1 Nd4 0-1

[Event "Mallorca-chT Preferente"]
[Site "Palma de Mallorca"]
[Date "2001.04.07"]
[Round "14.4"]
[White "Aranos, Ricardo"]
[Black "Castro Lappi, Nicolas"]
[Result "1-0"]
[WhiteElo "2139"]
[BlackElo "1974"]
[PlyCount "62"]
[EventDate "2001.01.13"]
[EventType "team"]
[EventRounds "14"]
[EventCountry "ESP"]
[SourceTitle "EXT 2002"]
[Source "ChessBase"]
[SourceDate "2001.11.25"]
[SourceVersion "1"]
[SourceVersionDate "2001.11.25"]
[SourceQuality "1"]

1. c4 g6 2. Nc3 Bg7 3. g3 c6 4. Bg2 f5 5. d4 Nf6 6. Nf3 d6 7. Qd3 Nbd7 8. Ng5 Nf8 9. d5 cxd5 10. cxd5 h6 11. Nh3 N8d7 12. Nf4 Ne5 13. Qb5+ Qd7 14. Ne6 Kf7 15. Qb3 a6 16. f4 b5 17. fxe5 dxe5 18. e4 Qa7 19. a3 Nh5 20. Ne2 Bxe6 21. dxe6+ Ke8 22. exf5 Rd8 23. Be3 Qb8 24. fxg6 e4 25. Bxe4 Nxg3 26. Bf4 Qb6 27. Bxg3 Bd4 28. Rf1 Be3 29. Qxe3 Qxe3 30. Bc6+ Rd7 31. Bxd7+ Kd8 1-0

[Event "Mallorca-chT Preferente"]
[Site "Palma de Mallorca"]
[Date "2001.02.03"]
[Round "4.5"]
[White "Castro Lappi, Nicolas"]
[Black "Astorga Talavera, Juan Manuel"]
[Result "0-1"]
[WhiteElo "1974"]
[BlackElo "1999"]
[PlyCount "104"]
[EventDate "2001.01.13"]
[EventType "team"]
[EventRounds "14"]
[EventCountry "ESP"]
[SourceTitle "EXT 2002"]
[Source "ChessBase"]
[SourceDate "2001.11.25"]
[SourceVersion "1"]
[SourceVersionDate "2001.11.25"]
[SourceQuality "1"]

1. d4 d5 2. Nf3 Nf6 3. Bg5 e6 4. Nbd2 c5 5. c3 cxd4 6. cxd4 Be7 7. e3 0-0 8. Bd3 Bd7 9. Qc2 h6 10. Bxf6 Bxf6 11. Rc1 Bc6 12. b4 Qb6 13. Qc5 Qxc5 14. dxc5 a6 15. Nb3 Bb2 16. Rb1 Bc3+ 17. Nbd2 Nd7 18. Nd4 Ne5 19. Ke2 Bd7 20. Rhc1 Bxd4 21. exd4 Nxd3 22. Kxd3 e5 23. Rb2 e4+ 24. Ke3 f5 25. g3 g5 26. Rg1 Kh7 27. f4 Rg8 28. Rf1 Kg6 29. Nb1 Bb5 30. Rff2 g4 31. Nc3 Bc4 32. Na4 b5 33. Nb6 Rad8 34. a4 Rg7 35. Rb1 Bd3 36. Ra1 h5 37. axb5 Bxb5 38. Rg2 Rh7 39. Rh1 h4 40. Rgg1 Kf6 41. h3 hxg3 42. hxg4 Rxh1 43. g5+ Kg7 44. Rxh1 g2 45. Rg1 Rh8 46. Rxg2 Rh3+ 47. Kf2 e3+ 48. Kg1 e2 49. Rxe2 Bxe2 50. c6 Rc3 51. Nxd5 Rxc6 52. Ne7 Rc1+ 0-1

[Event "Mallorca-ch D1"]
[Site "Palma de Mallorca"]
[Date "2000.11.04"]
[Round "3"]
[White "Castro Lappi, Nicolas"]
[Black "Cerdo Fernandez, Miguel"]
[Result "1/2-1/2"]
[WhiteElo "1974"]
[BlackElo "2050"]
[PlyCount "91"]
[EventDate "2000.??.??"]
[EventType "swiss"]
[EventRounds "8"]
[EventCountry "ESP"]
[SourceTitle "EXT 2003"]
[Source "ChessBase"]
[SourceDate "2002.11.25"]
[SourceVersion "1"]
[SourceVersionDate "2002.11.25"]
[SourceQuality "1"]

1. d4 Nf6 2. Bg5 e6 3. e3 Be7 4. Bd3 b6 5. Nd2 Bb7 6. Ngf3 0-0 7. c3 d6 8. Qc2 Nbd7 9. Ke2 c5 10. Rag1 cxd4 11. exd4 Re8 12. Bxf6 Nxf6 13. Ne4 Nd5 14. g3 f5 15. Ned2 Rc8 16. a3 Qd7 17. h4 Rf8 18. Rh2 Rce8 19. Kd1 Bd8 20. g4 Nf4 21. Bc4 d5 22. Ne5 Qe7 23. Bb5 Bc7 24. Bxe8 Qxe8 25. Ndf3 Ba6 26. gxf5 Be2+ 27. Kc1 Bxf3 28. Nxf3 exf5 29. Re1 Qh5 30. Ne5 Re8 31. Qd2 Qh6 32. Rhh1 Bxe5 33. dxe5 Nd3+ 34. Kc2 Qxd2+ 35. Kxd2 Nxe1 36. Rxe1 f4 37. Kd3 Kf7 38. Kd4 Ke6 39. Rg1 Re7 40. b3 g6 41. h5 Kf5 42. hxg6 hxg6 43. Re1 Ke6 44. Rg1 Kf5 45. Re1 Ke6 46. Rg1 1/2-1/2